[Event "Parsvnath Commonwealth ch 2010"]
[Site "Nueva Delhi IND"]
[Date "2010.05.10"]
[Round "2.28"]
[White "Anwesh, Upadhyaya"]
[Black "Lokesh, P."]
[Result "1-0"]
[WhiteElo "2419"]
[BlackElo "2131"]
[PlyCount "143"]
[EventDate "2010.05.10"]
[EventType "swiss"]
[EventRounds "11"]
[EventCountry "IND"]
[Source "lmi"]
[SourceDate "2010.05.10"]

1. d4 Nf6 2. c4 g6 3. Nc3 Bg7 4. e4 d6 5. f3 O-O 6. Bg5 a6 7. Qd2 c5 8. d5 b5
9. cxb5 Qa5 10. bxa6 Bxa6 11. Bxa6 Nxa6 12. Nge2 Rfb8 13. O-O Nc7 14. Rab1 Rb7
15. Rfd1 Rab8 16. b3 Nb5 17. Na4 Qa7 18. Rbc1 Ne8 19. Be3 Nf6 20. Nf4 Nd7 21.
Nd3 Bd4 22. Kh1 Bxe3 23. Qxe3 Na3 24. Ndb2 Qa5 25. e5 Nxe5 26. Nxc5 Rb5 27. Ne4
Rb4 28. Nf2 Qb6 29. Qxb6 R4xb6 30. f4 Nd7 31. Nfd3 Nf6 32. Na4 Ra6 33. Ndb2 Ra5
34. Nc3 Rb4 35. g3 Nb5 36. Nca4 Na3 37. Nc3 Nb5 38. Nba4 Nc7 39. Nb2 Ncxd5 40.
Nxd5 Nxd5 41. Nc4 Rc5 42. Kg1 Rb8 43. Kf2 Nb4 44. a3 Na2 45. b4 Rc6 46. Rc2
Rbc8 47. Rxa2 Rxc4 48. Rdd2 f6 49. Rdb2 Rb8 50. Ke3 d5 51. Rb3 e5 52. b5 Re4+
53. Kf3 Ra4 54. Rd2 d4 55. fxe5 fxe5 56. Ke4 Ra5 57. Kxe5 Rbxb5+ 58. Rxb5 Rxb5+
59. Kxd4 Kf7 60. Ra2 Ke6 61. a4 Ra5 62. Kc4 Kd6 63. Kb4 Ra8 64. a5 Rb8+ 65. Kc4
Kc6 66. a6 Ra8 67. a7 Kb7 68. Kb5 g5 69. g4 Kc7 70. Ka6 Rf8 71. Rc2+ Kd6 72.
Kb7 1-0

[Event "Parsvnath Commonwealth ch 2010"]
[Site "Nueva Delhi IND"]
[Date "2010.05.10"]
[Round "2.29"]
[White "Nasir Ali, Syed"]
[Black "Grover, Sahaj"]
[Result "1/2-1/2"]
[WhiteElo "2135"]
[BlackElo "2416"]
[PlyCount "72"]
[EventDate "2010.05.10"]
[EventType "swiss"]
[EventRounds "11"]
[EventCountry "IND"]
[Source "lmi"]
[SourceDate "2010.05.10"]

1. d4 Nf6 2. Nf3 d5 3. Bf4 c5 4. e3 Nc6 5. c3 Qb6 6. Qb3 c4 7. Qxb6 axb6 8. Na3
Bf5 9. Nh4 Bg6 10. Nxg6 hxg6 11. Nb5 Kd7 12. Be2 e6 13. Bc7 Na7 14. Nxa7 Rxa7
15. Bf4 b5 16. O-O b4 17. cxb4 Bxb4 18. a3 Be7 19. Rfc1 b5 20. f3 Rha8 21. Rab1
Nh5 22. Be5 f6 23. Bg3 Nxg3 24. hxg3 b4 25. axb4 Bxb4 26. Rc2 Ra2 27. Bd1 Ra1
28. Rcc1 R1a2 29. Rc2 Rb8 30. b3 Ra3 31. bxc4 Rxe3 32. cxd5 exd5 33. Be2 Bd6
34. Rxb8 Bxb8 35. Kf2 Re7 36. Bb5+ Ke6 1/2-1/2

[Event "Parsvnath Commonwealth ch 2010"]
[Site "Nueva Delhi IND"]
[Date "2010.05.10"]
[Round "2.30"]
[White "Konguvel, Ponnuswamy"]
[Black "Saranya, J."]
[Result "1-0"]
[WhiteElo "2412"]
[BlackElo "2119"]
[PlyCount "55"]
[EventDate "2010.05.10"]
[EventType "swiss"]
[EventRounds "11"]
[EventCountry "IND"]
[Source "lmi"]
[SourceDate "2010.05.10"]

1. e4 c5 2. Nf3 d6 3. d4 cxd4 4. Nxd4 Nf6 5. Nc3 a6 6. Bc4 e6 7. Bb3 b5 8. O-O
Be7 9. Qf3 Qc7 10. Qg3 Nc6 11. Nxc6 Qxc6 12. Re1 O-O 13. Bh6 Ne8 14. Rad1 Bd7
15. Bd5 Qc8 16. Bxa8 Qxa8 17. e5 Qc6 18. exd6 Bxd6 19. Bf4 Be7 20. Ne4 f6 21.
Qc3 Qxc3 22. Nxc3 Bc8 23. Nd5 Bd8 24. Nb4 Bb6 25. Be3 Bc7 26. Bc5 Rf7 27. Nxa6
Ba5 28. b4 1-0

[Event "Parsvnath Commonwealth ch 2010"]
[Site "Nueva Delhi IND"]
[Date "2010.05.10"]
[Round "2.33"]
[White "Md., Irshad"]
[Black "Rathnakaran, K."]
[Result "0-1"]
[WhiteElo "2124"]
[BlackElo "2397"]
[PlyCount "50"]
[EventDate "2010.05.10"]
[EventType "swiss"]
[EventRounds "11"]
[EventCountry "IND"]
[Source "lmi"]
[SourceDate "2010.05.10"]

1. d4 Nf6 2. c4 c5 3. Nf3 cxd4 4. Nxd4 e5 5. Nf3 Nc6 6. a3 e4 7. Nd4 Qb6 8. e3
Bc5 9. Nb3 Be7 10. Nc3 O-O 11. Nd2 Qa5 12. Rb1 Re8 13. Qc2 Bf8 14. b4 Qf5 15.
f4 d6 16. g3 Qg6 17. Nb5 Bf5 18. Nc7 Nd4 19. Qc3 Nf3+ 20. Kf2 Ng4+ 21. Kg2 h5
22. h4 Be7 23. Nd5 Bxh4 24. gxh4 Nxe3+ 25. Kf2 Nd1+ 0-1

[Event "Parsvnath Commonwealth ch 2010"]
[Site "Nueva Delhi IND"]
[Date "2010.05.10"]
[Round "2.34"]
[White "Swayams, Mishra"]
[Black "Bharathi, R."]
[Result "1-0"]
[WhiteElo "2397"]
[BlackElo "2110"]
[PlyCount "77"]
[EventDate "2010.05.10"]
[EventType "swiss"]
[EventRounds "11"]
[EventCountry "IND"]
[Source "lmi"]
[SourceDate "2010.05.10"]

1. d4 Nf6 2. c4 g6 3. Nc3 Bg7 4. e4 d6 5. h3 O-O 6. Bg5 c6 7. Bd3 Nbd7 8. Nge2
e5 9. d5 Nc5 10. Bc2 Na6 11. a3 Rb8 12. b4 b5 13. dxc6 bxc4 14. Nd5 Nc7 15.
Nec3 Be6 16. O-O Bxd5 17. Bxf6 Bxf6 18. Nxd5 a5 19. Rb1 axb4 20. axb4 Nxd5 21.
Qxd5 c3 22. Qc4 Qb6 23. Qxc3 Qc7 24. b5 Rb6 25. Qc4 Bd8 26. Bb3 Qe7 27. Ra1 Bc7
28. Ra7 Rfb8 29. Qxf7+ Qxf7 30. Bxf7+ Kxf7 31. Rxc7+ Ke6 32. Rd1 Rd8 33. Rd5 h5
34. Rg7 Kf6 35. Ra7 Ke6 36. h4 Kf6 37. Ra6 Rxa6 38. bxa6 Ke7 39. Rb5 1-0

[Event "Parsvnath Commonwealth ch 2010"]
[Site "Nueva Delhi IND"]
[Date "2010.05.10"]
[Round "2.35"]
[White "Divyasri, Ch"]
[Black "Narayanan, Srinath"]
[Result "0-1"]
[WhiteElo "2114"]
[BlackElo "2393"]
[PlyCount "82"]
[EventDate "2010.05.10"]
[EventType "swiss"]
[EventRounds "11"]
[EventCountry "IND"]
[Source "lmi"]
[SourceDate "2010.05.10"]

1. e4 e5 2. Nf3 Nc6 3. Nc3 Nf6 4. Bb5 Nd4 5. Bc4 Bc5 6. Nxe5 Qe7 7. Nf3 d5 8.
Nxd4 dxc4 9. Nf3 Nxe4 10. O-O Bf5 11. b4 Bxb4 12. Nd5 Qc5 13. Nxb4 Qxb4 14. a4
O-O-O 15. c3 Qa5 16. Nd4 Bg6 17. Qg4+ f5 18. Qf4 Rhe8 19. f3 Nc5 20. Ba3 Nd3
21. Qg3 a6 22. Rfb1 Qd5 23. f4 Re4 24. Rf1 c5 25. Nc2 Re2 26. Ne3 Qe4 27. Rad1
Bh5 28. Qg5 Rxe3 29. Qxh5 Re2 30. Qg5 Re8 31. h3 Ne1 32. Rdxe1 Rxe1 33. Rxe1
Qxe1+ 34. Kh2 g6 35. Bxc5 Qxd2 36. Bd4 Re4 37. Kg3 Re2 38. Kh2 b5 39. axb5 axb5
40. h4 b4 41. h5 Rxg2+ 0-1

[Event "Parsvnath Commonwealth ch 2010"]
[Site "Nueva Delhi IND"]
[Date "2010.05.10"]
[Round "2.36"]
[White "Atishay, Ajmera"]
[Black "Shivananda, B.S."]
[Result "1/2-1/2"]
[WhiteElo "2109"]
[BlackElo "2387"]
[PlyCount "63"]
[EventDate "2010.05.10"]
[EventType "swiss"]
[EventRounds "11"]
[EventCountry "IND"]
[Source "lmi"]
[SourceDate "2010.05.10"]

1. d4 Nf6 2. Nf3 g6 3. c4 Bg7 4. g3 O-O 5. Bg2 d5 6. cxd5 Nxd5 7. O-O Nb6 8.
Nc3 Nc6 9. e3 Re8 10. d5 Na5 11. Nd4 Bd7 12. e4 c6 13. b3 cxd5 14. exd5 Rc8 15.
Bb2 Nbc4 16. bxc4 Qb6 17. Ne6 fxe6 18. dxe6 Bxe6 19. Na4 Qd6 20. Bxg7 Qxd1 21.
Rfxd1 Kxg7 22. c5 Red8 23. Re1 Kf7 24. h4 Bd5 25. Bxd5+ Rxd5 26. Nc3 Rdxc5 27.
Ne4 R5c7 28. Ng5+ Kg8 29. Rad1 h6 30. Ne6 Rc6 31. Nd8 R6c7 32. Ne6 1/2-1/2

[Event "Parsvnath Commonwealth ch 2010"]
[Site "Nueva Delhi IND"]
[Date "2010.05.10"]
[Round "2.37"]
[White "Shyam, Nikil P"]
[Black "Harini, S."]
[Result "1-0"]
[WhiteElo "2385"]
[BlackElo "2095"]
[PlyCount "77"]
[EventDate "2010.05.10"]
[EventType "swiss"]
[EventRounds "11"]
[EventCountry "IND"]
[Source "lmi"]
[SourceDate "2010.05.10"]

1. e4 c5 2. Nc3 Nc6 3. g3 e6 4. Bg2 g6 5. f4 Bg7 6. Nf3 d6 7. O-O Nge7 8. d3
O-O 9. Be3 Nd4 10. Qd2 Rb8 11. Nh4 f5 12. Nd1 b6 13. Bf2 e5 14. Be3 Be6 15.
fxe5 dxe5 16. Bg5 Qd7 17. Ne3 Ndc6 18. Nd1 fxe4 19. Rxf8+ Rxf8 20. Bxe4 Nf5 21.
Nxf5 Bxf5 22. Bg2 Bg4 23. Nf2 Bf3 24. Be3 Nd4 25. Bxd4 Qxd4 26. c3 Qd5 27. Bxf3
Rxf3 28. Qe2 Rf7 29. Qe4 Rd7 30. Qxd5+ Rxd5 31. Rd1 b5 32. Kf1 Kf7 33. Ke2 Ke6
34. a4 a6 35. axb5 axb5 36. Ra1 c4 37. dxc4 bxc4 38. Ra4 Rb5 39. Nd1 1-0

[Event "Parsvnath Commonwealth ch 2010"]
[Site "Nueva Delhi IND"]
[Date "2010.05.10"]
[Round "2.38"]
[White "Sahu, Vikramaditya"]
[Black "Suvrajit, Saha"]
[Result "0-1"]
[WhiteElo "2105"]
[BlackElo "2380"]
[PlyCount "76"]
[EventDate "2010.05.10"]
[EventType "swiss"]
[EventRounds "11"]
[EventCountry "IND"]
[Source "lmi"]
[SourceDate "2010.05.10"]

1. d4 d5 2. c4 c6 3. Nf3 Nf6 4. e3 Bg4 5. cxd5 Nxd5 6. e4 Bxf3 7. gxf3 Nb6 8.
Nc3 N8d7 9. Bf4 g6 10. e5 Bg7 11. Qe2 Nf8 12. Be3 Nd5 13. Qc4 Ne6 14. Nxd5 Qxd5
15. Qxd5 cxd5 16. Bh3 Nd8 17. Rc1 Nc6 18. Rc5 e6 19. a3 O-O-O 20. b4 Kb8 21.
Kd2 Bf8 22. Rc2 Rc8 23. Rhc1 a5 24. Rb1 axb4 25. axb4 Bxb4+ 26. Kd1 Be7 27.
Rcb2 Rc7 28. Bf1 Kc8 29. Ra2 Kd7 30. Rb6 Rb8 31. Bb5 Kc8 32. Ra4 Bd8 33. Be2
Ne7 34. Rb3 Nc6 35. Bd2 Bh4 36. Be1 Bg5 37. Rb6 Nxd4 38. Bd2 Nxe2 0-1

[Event "Parsvnath Commonwealth ch 2010"]
[Site "Nueva Delhi IND"]
[Date "2010.05.10"]
[Round "2.40"]
[White "Pujari, Rucha"]
[Black "Nitin, S."]
[Result "0-1"]
[WhiteElo "2093"]
[BlackElo "2363"]
[PlyCount "100"]
[EventDate "2010.05.10"]
[EventType "swiss"]
[EventRounds "11"]
[EventCountry "IND"]
[Source "lmi"]
[SourceDate "2010.05.10"]

1. e4 c5 2. Nc3 a6 3. f4 b5 4. Nf3 Bb7 5. d3 e6 6. Be2 b4 7. Nb1 g6 8. O-O Bg7
9. Nbd2 Ne7 10. Rb1 O-O 11. c3 a5 12. Nb3 d6 13. Be3 h6 14. Kh1 f5 15. Nbd2 Nd7
16. Qb3 d5 17. e5 a4 18. Qc2 Ba6 19. cxb4 d4 20. Bg1 Nd5 21. bxc5 Nxf4 22. Nc4
Nxc5 23. Nxd4 Nxe2 24. Qxe2 Bb7 25. Nxf5 Rxf5 26. Bxc5 Rg5 27. Rf2 Bd5 28. Bd6
Rh5 29. Qg4 Kh7 30. Rbf1 Ra7 31. Ne3 Bxa2 32. Qd4 Qa5 33. Ng4 Rf5 34. Rxf5 exf5
35. Nf6+ Bxf6 36. exf6 Rd7 37. Qf4 g5 38. Bb4 gxf4 39. Bxa5 Rxd3 40. h3 Kg6 41.
Bc3 Bd5 42. Rxf4 a3 43. Ra4 a2 44. Kh2 Rd1 45. b4 Rc1 46. Be5 Rc2 47. h4 Rxg2+
48. Kh3 Re2 49. Bd4 f4 50. Kg4 h5+ 0-1

[Event "Parsvnath Commonwealth ch 2010"]
[Site "Nueva Delhi IND"]
[Date "2010.05.11"]
[Round "3.2"]
[White "Vaibhav, Suri"]
[Black "Kokarev, Dmitry"]
[Result "1/2-1/2"]
[WhiteElo "2347"]
[BlackElo "2612"]
[PlyCount "77"]
[EventDate "2010.05.10"]
[EventType "swiss"]
[EventRounds "11"]
[EventCountry "IND"]
[Source "lmi"]
[SourceDate "2010.05.10"]

1. e4 c5 2. Nf3 d6 3. d4 cxd4 4. Nxd4 Nf6 5. Nc3 a6 6. Be2 e5 7. Nb3 Be7 8. O-O
O-O 9. Re1 Be6 10. Bf3 a5 11. a4 Na6 12. Nd2 Nb4 13. Nf1 Rc8 14. Ne3 g6 15. Re2
Qb6 16. Rd2 h5 17. Nb5 Rfd8 18. b3 Na6 19. c4 Nc5 20. Qc2 Bf8 21. Ba3 Bh6 22.
Re1 Ra8 23. Rdd1 Rac8 24. h3 Ra8 25. Bc1 Kh7 26. Ba3 Rac8 27. Bb2 Ra8 28. Ba3
Rac8 29. Kh1 Ra8 30. Re2 Rac8 31. Bc1 Ra8 32. Bb2 Rac8 33. Ba3 Rc6 34. Bc1 Rcc8
35. Bb2 Kg8 36. Bc1 Kh7 37. Ba3 Rc6 38. Rb1 Rcc8 39. Rd1 1/2-1/2

[Event "Parsvnath Commonwealth ch 2010"]
[Site "Nueva Delhi IND"]
[Date "2010.05.11"]
[Round "3.4"]
[White "Mohota, Nisha"]
[Black "Maletin, Pavel"]
[Result "0-1"]
[WhiteElo "2311"]
[BlackElo "2584"]
[PlyCount "178"]
[EventDate "2010.05.10"]
[EventType "swiss"]
[EventRounds "11"]
[EventCountry "IND"]
[Source "lmi"]
[SourceDate "2010.05.10"]

1. d4 Nf6 2. c4 e6 3. Nc3 Bb4 4. e3 O-O 5. Nge2 d5 6. a3 Be7 7. cxd5 Nxd5 8.
Bd2 Nd7 9. g3 N5b6 10. Bg2 e5 11. O-O exd4 12. Nxd4 Ne5 13. b4 Nec4 14. Bc1 a5
15. b5 a4 16. Qc2 Nd6 17. h3 Bd7 18. Rd1 Qc8 19. Kh2 Bf6 20. Rb1 Re8 21. Rb4
Re5 22. Qe2 Qe8 23. f4 Rc5 24. Qd3 Rd8 25. Bf3 Nf5 26. Ne4 Bxd4 27. exd4 Bxb5
28. Qb1 Rcd5 29. Nc3 Bc6 30. Nxd5 Nxd5 31. Rb2 Nc3 32. Qxf5 Bxf3 33. Rf1 Bc6
34. Qe5 Qf8 35. Qc5 Ne4 36. Qxf8+ Kxf8 37. Be3 Rd5 38. Rc1 Ke7 39. g4 Kd7 40.
Kg1 h5 41. Kf1 Nf6 42. g5 Ne4 43. Ke2 Ng3+ 44. Kf2 Ne4+ 45. Ke2 Ng3+ 46. Kf2
Nf5 47. Rc5 b6 48. Rxd5+ Bxd5 49. Ke2 Bg2 50. Rb4 Bxh3 51. Rxa4 Bg2 52. Bg1 h4
53. Rb4 Bd5 54. Kd3 h3 55. Rb2 Nh4 56. Bh2 Nf3 57. Bg3 Ke6 58. Ke3 Kf5 59. Kf2
Kg4 60. f5 h2 61. Bxh2 Nxh2 62. g6 f6 63. Rb5 Bc6 64. Rb4 Kxf5 65. Rc4 Bd5 66.
Rxc7 Kxg6 67. Rd7 Bc4 68. Rc7 Ng4+ 69. Kf3 Be6 70. Re7 Kf5 71. Rxg7 Bd5+ 72.
Ke2 b5 73. Re7 Kf4 74. Re8 f5 75. Kd3 Bc4+ 76. Kc3 Nf6 77. Rc8 Nd5+ 78. Kd2 Ke4
79. a4 Kxd4 80. a5 b4 81. Rc6 b3 82. a6 b2 83. a7 b1=Q 84. Rxc4+ Kxc4 85. a8=Q
Qd3+ 86. Ke1 Qg3+ 87. Kd2 Qf2+ 88. Kc1 Qe1+ 89. Kb2 Qd2+ 0-1

[Event "Parsvnath Commonwealth ch 2010"]
[Site "Nueva Delhi IND"]
[Date "2010.05.11"]
[Round "3.7"]
[White "Khusnutdinov, Rustam"]
[Black "Deshmukh, Anup"]
[Result "1/2-1/2"]
[WhiteElo "2525"]
[BlackElo "2301"]
[PlyCount "42"]
[EventDate "2010.05.10"]
[EventType "swiss"]
[EventRounds "11"]
[EventCountry "IND"]
[Source "lmi"]
[SourceDate "2010.05.10"]

1. d4 Nf6 2. Nf3 c5 3. Nc3 cxd4 4. Nxd4 d5 5. Bf4 a6 6. g3 e6 7. Bg2 Qb6 8. Nb3
Nc6 9. O-O Be7 10. Re1 O-O 11. Be3 Qc7 12. Bf4 Qb6 13. Be3 Qc7 14. Bf4 Qb6 15.
Be3 Qc7 16. Na4 b5 17. Nb6 Rb8 18. Nxc8 Rbxc8 19. Bf4 Qb6 20. Be3 Qc7 21. Bf4
Qb6 1/2-1/2

[Event "Parsvnath Commonwealth ch 2010"]
[Site "Nueva Delhi IND"]
[Date "2010.05.11"]
[Round "3.9"]
[White "Rajesh, V A V."]
[Black "Hossain, Enamul"]
[Result "0-1"]
[WhiteElo "2302"]
[BlackElo "2499"]
[PlyCount "124"]
[EventDate "2010.05.10"]
[EventType "swiss"]
[EventRounds "11"]
[EventCountry "IND"]
[Source "lmi"]
[SourceDate "2010.05.10"]

1. d4 Nf6 2. c4 c5 3. Nf3 cxd4 4. Nxd4 e6 5. Nc3 a6 6. Bg5 Be7 7. e3 d6 8. Be2
O-O 9. O-O b6 10. Qd2 Ra7 11. Rfd1 Rc7 12. e4 Bb7 13. f3 Nbd7 14. Rac1 Re8 15.
Kh1 Qb8 16. Nc2 Rcc8 17. Ne3 Rcd8 18. Bf4 Ne5 19. Qd4 Ba8 20. Nc2 h6 21. Be3
Ned7 22. b4 d5 23. exd5 Bd6 24. Qh4 exd5 25. cxd5 Re5 26. f4 Rxe3 27. Nxe3 Bxf4
28. Qf2 Re8 29. Rd3 Qe5 30. Nc4 Qc7 31. Rf1 Bxh2 32. Re3 Rxe3 33. Qxe3 b5 34.
d6 Bxd6 35. Nxd6 Qxd6 36. Ra1 Bc6 37. Rd1 Qc7 38. Rd4 Nf8 39. Qf4 Qb7 40. Qf2
Ne6 41. Rh4 Qe7 42. Bd3 Qd8 43. Bf5 Qd6 44. Ne4 Bxe4 45. Bxe4 Qd1+ 46. Qg1
Qxg1+ 47. Kxg1 g5 48. Rxh6 Nxe4 49. Rh3 Kg7 50. Rd3 Kf6 51. Rd7 Nf4 52. Ra7
Ne2+ 53. Kf1 N2c3 54. Rxa6+ Ke5 55. Ra5 Kd4 56. Ke1 f6 57. Ra6 f5 58. Kf1 f4
59. Ke1 g4 60. Rg6 f3 61. Rxg4 f2+ 62. Kf1 Ke3 0-1

[Event "Parsvnath Commonwealth ch 2010"]
[Site "Nueva Delhi IND"]
[Date "2010.05.11"]
[Round "3.10"]
[White "Dzhumaev, Marat"]
[Black "Singh, Gurpreet Pal"]
[Result "1-0"]
[WhiteElo "2495"]
[BlackElo "2287"]
[PlyCount "61"]
[EventDate "2010.05.10"]
[EventType "swiss"]
[EventRounds "11"]
[EventCountry "IND"]
[Source "lmi"]
[SourceDate "2010.05.10"]

1. e4 e6 2. d4 d5 3. Nc3 Nc6 4. Nge2 dxe4 5. Nxe4 Nf6 6. Bg5 Be7 7. Bxf6 gxf6
8. Qd2 b6 9. g3 Bb7 10. Bg2 Qd7 11. O-O O-O-O 12. Rad1 h5 13. h4 Rdg8 14. N4c3
f5 15. Qe3 Nb4 16. Bxb7+ Kxb7 17. d5 Nxd5 18. Nxd5 exd5 19. Qf3 c6 20. c4 Bxh4
21. cxd5 c5 22. b4 Bd8 23. Rb1 cxb4 24. Nd4 Qd6 25. Nxf5 Qf6 26. Rfc1 Rg5 27.
d6+ Kb8 28. d7 Bc7 29. Rxc7 Kxc7 30. Rc1+ Kxd7 31. Qd5+ 1-0

[Event "Parsvnath Commonwealth ch 2010"]
[Site "Nueva Delhi IND"]
[Date "2010.05.11"]
[Round "3.11"]
[White "Joshi, G B."]
[Black "Lalith, Babu M.R"]
[Result "1/2-1/2"]
[WhiteElo "2293"]
[BlackElo "2493"]
[PlyCount "113"]
[EventDate "2010.05.10"]
[EventType "swiss"]
[EventRounds "11"]
[EventCountry "IND"]
[Source "lmi"]
[SourceDate "2010.05.10"]

1. e4 c6 2. d4 d5 3. exd5 cxd5 4. c4 Nf6 5. Nc3 e6 6. Nf3 Bb4 7. cxd5 Nxd5 8.
Qc2 Nc6 9. a3 Ba5 10. Bd3 h6 11. O-O O-O 12. Rd1 Nce7 13. Bh7+ Kh8 14. Be4 Bd7
15. Bxd5 exd5 16. Ne5 Rc8 17. Qb3 f6 18. Nd3 Qb6 19. Qxb6 Bxb6 20. Nc5 Bc6 21.
b4 Rfd8 22. Be3 Nf5 23. Rac1 a6 24. h3 Nd6 25. a4 Ba7 26. Rb1 b6 27. Nd3 Bb7
28. Rdc1 Nc4 29. b5 a5 30. Bf4 Kg8 31. Re1 Kf7 32. Rbc1 Nd6 33. Bxd6 Rxd6 34.
Ne2 Rdd8 35. f3 Bb8 36. Kf2 Bd6 37. Rxc8 Rxc8 38. Rc1 Re8 39. Rc2 g5 40. g4 Rc8
41. Rxc8 Bxc8 42. Ng3 f5 43. Nxf5 Bxf5 44. gxf5 Kf6 45. Nb2 Kxf5 46. Nd1 Ke6
47. Ke3 h5 48. Nc3 Bb4 49. Ne2 Be1 50. Nc1 Kf5 51. Ne2 Kf6 52. Nc1 Ke6 53. Ne2
Kf5 54. Nc1 Bg3 55. Ne2 Bh2 56. Nc3 Bg1+ 57. Kd3 1/2-1/2

[Event "Parsvnath Commonwealth ch 2010"]
[Site "Nueva Delhi IND"]
[Date "2010.05.11"]
[Round "3.14"]
[White "Laxman, R.R."]
[Black "Gomes, Mary Ann"]
[Result "1/2-1/2"]
[WhiteElo "2476"]
[BlackElo "2280"]
[PlyCount "78"]
[EventDate "2010.05.10"]
[EventType "swiss"]
[EventRounds "11"]
[EventCountry "IND"]
[Source "lmi"]
[SourceDate "2010.05.10"]

1. Nf3 Nf6 2. c4 e6 3. Nc3 Bb4 4. Qc2 c5 5. a3 Ba5 6. d4 cxd4 7. Nxd4 a6 8. Bg5
Bb6 9. e3 h6 10. Bh4 Bxd4 11. exd4 d6 12. Ne4 g5 13. Nxf6+ Qxf6 14. Bg3 Nc6 15.
Bxd6 Nxd4 16. Qe4 Nc6 17. Bd3 e5 18. c5 Qf4 19. O-O Qxe4 20. Bxe4 Be6 21. Rfd1
O-O-O 22. Bxc6 bxc6 23. Bxe5 Rhe8 24. Bd6 Bd5 25. Re1 Kd7 26. f3 Rxe1+ 27. Rxe1
Re8 28. Rxe8 Kxe8 29. b4 Kd7 30. Kf2 Ke6 31. Ke3 h5 32. g3 Kf5 33. h3 Bc4 34.
Be7 f6 35. Bd8 Bf1 36. h4 gxh4 37. gxh4 Bb5 38. Kd4 Ba4 39. Kc3 Bd1 1/2-1/2

[Event "Parsvnath Commonwealth ch 2010"]
[Site "Nueva Delhi IND"]
[Date "2010.05.11"]
[Round "3.15"]
[White "Ashwin, Jayaram"]
[Black "Bhakti, Kulkarni"]
[Result "1-0"]
[WhiteElo "2457"]
[BlackElo "2268"]
[PlyCount "65"]
[EventDate "2010.05.10"]
[EventType "swiss"]
[EventRounds "11"]
[EventCountry "IND"]
[Source "lmi"]
[SourceDate "2010.05.10"]

1. e4 c5 2. Nf3 g6 3. d4 cxd4 4. Nxd4 Nf6 5. Nc3 Nc6 6. Nxc6 bxc6 7. e5 Ng8 8.
Bc4 Bg7 9. Qf3 f5 10. Bf4 e6 11. O-O-O Qc7 12. h4 Nh6 13. h5 Nf7 14. hxg6 hxg6
15. Qg3 g5 16. Bxg5 Qxe5 17. Bf4 Qf6 18. Rxh8+ Bxh8 19. Ba6 Bg7 20. Qd3 Qd8 21.
Bxc8 Qxc8 22. g4 e5 23. Re1 Kf8 24. Be3 e4 25. Bc5+ Kg8 26. Qg3 d5 27. gxf5
Qxf5 28. Rg1 Qe5 29. Qg6 Rc8 30. Ne2 Nh8 31. Qg4 Rc7 32. Bd4 Qe7 33. Bxg7 1-0

[Event "Parsvnath Commonwealth ch 2010"]
[Site "Nueva Delhi IND"]
[Date "2010.05.11"]
[Round "3.16"]
[White "De Villiers, Charles"]
[Black "Swapnil, S. Dhopade"]
[Result "0-1"]
[WhiteElo "2284"]
[BlackElo "2457"]
[PlyCount "116"]
[EventDate "2010.05.10"]
[EventType "swiss"]
[EventRounds "11"]
[EventCountry "IND"]
[Source "lmi"]
[SourceDate "2010.05.10"]

1. d4 Nf6 2. c4 g6 3. Nc3 Bg7 4. e4 d6 5. f4 O-O 6. Nf3 Na6 7. e5 Nd7 8. c5
dxc5 9. d5 Nb6 10. Bxa6 bxa6 11. Be3 Bb7 12. Bxc5 Nxd5 13. Nxd5 Bxd5 14. O-O c6
15. Qa4 a5 16. Rad1 Qc7 17. Rd3 Rab8 18. b3 f6 19. exf6 Rxf6 20. g3 Re6 21. Re3
Rxe3 22. Bxe3 Rb4 23. Qa3 Re4 24. Qc5 Qb6 25. Qxb6 axb6 26. Bxb6 Re2 27. Rf2
Bxf3 28. Rxf3 Rxa2 29. Rd3 Kf7 30. Rd7 Rb2 31. Bxa5 Rxb3 32. Rc7 Bd4+ 33. Kg2
Rb2+ 34. Kf3 c5 35. h3 Rb3+ 36. Kg2 Rb5 37. Be1 Ke6 38. g4 Kd6 39. Rc8 Rb2+ 40.
Kf3 Rb3+ 41. Kg2 Re3 42. Bh4 Kd7 43. Rb8 Kc6 44. Re8 Kd7 45. Rb8 Ke6 46. Rb7
Kd6 47. Rb8 c4 48. Rd8+ Kc5 49. Rd7 c3 50. Bxe7+ Kc4 51. f5 gxf5 52. gxf5 Re4
53. Bg5 Re2+ 54. Kf3 Re5 55. Kg4 h5+ 56. Kxh5 Rxf5 57. Rc7+ Bc5 58. Kg6 Rxg5+
0-1

[Event "Parsvnath Commonwealth ch 2010"]
[Site "Nueva Delhi IND"]
[Date "2010.05.11"]
[Round "3.18"]
[White "Fenil, Shah"]
[Black "Anwesh, Upadhyaya"]
[Result "1/2-1/2"]
[WhiteElo "2265"]
[BlackElo "2419"]
[PlyCount "72"]
[EventDate "2010.05.10"]
[EventType "swiss"]
[EventRounds "11"]
[EventCountry "IND"]
[Source "lmi"]
[SourceDate "2010.05.10"]

1. e4 e5 2. Nf3 Nc6 3. Bc4 Nf6 4. d3 h6 5. c3 d6 6. O-O g6 7. d4 Qe7 8. Nbd2
Bg7 9. Re1 O-O 10. h3 Bd7 11. a4 Rae8 12. dxe5 Nxe5 13. Nxe5 Qxe5 14. Bd3 Bc6
15. Nc4 Qe6 16. Nd2 Nd7 17. Nf3 Nc5 18. Nd4 Qd7 19. Nxc6 Nxd3 20. Qxd3 Qxc6 21.
Bf4 a6 22. Qd5 Re6 23. Re3 Rfe8 24. Rae1 Qxa4 25. Qxb7 c6 26. b3 Qb5 27. Qxb5
axb5 28. Rd1 g5 29. Bxd6 Rd8 30. Red3 Rxe4 31. Kf1 Ra8 32. Bb4 Ra2 33. R3d2
Rxd2 34. Rxd2 c5 35. Bxc5 Bxc3 36. Re2 Re5 1/2-1/2

[Event "Parsvnath Commonwealth ch 2010"]
[Site "Nueva Delhi IND"]
[Date "2010.05.11"]
[Round "3.19"]
[White "Abhishek, Kelkar"]
[Black "Konguvel, Ponnuswamy"]
[Result "1/2-1/2"]
[WhiteElo "2261"]
[BlackElo "2412"]
[PlyCount "98"]
[EventDate "2010.05.10"]
[EventType "swiss"]
[EventRounds "11"]
[EventCountry "IND"]
[Source "lmi"]
[SourceDate "2010.05.10"]

1. e4 c5 2. Nf3 d6 3. d4 cxd4 4. Nxd4 Nf6 5. Nc3 g6 6. Be3 Bg7 7. f3 Nc6 8. Qd2
O-O 9. Bc4 Bd7 10. O-O-O Rb8 11. Bb3 Na5 12. h4 b5 13. Bh6 Bxh6 14. Qxh6 e5 15.
Nde2 b4 16. Nd5 Nxb3+ 17. axb3 Nxd5 18. Rxd5 Rb6 19. h5 g5 20. f4 Bg4 21. Nd4
gxf4 22. g3 fxg3 23. Nf5 Bxf5 24. Rd3 g2 25. Rg3+ Bg6 26. Rxg2 Qe7 27. hxg6
fxg6 28. Rxg6+ Kh8 29. Rhg1 Qf7 30. Rg7 Qf4+ 31. Qxf4 exf4 32. Rxa7 d5 33. exd5
Rg6 34. Rf1 f3 35. Kd2 Rg5 36. Rd7 f2 37. c4 Rg3 38. Re7 Rxb3 39. Kc2 Rg3 40.
Re2 b3+ 41. Kd2 Rf4 42. Re3 Rg1 43. Ke2 Rxf1 44. Kxf1 Rxc4 45. Rd3 Kg7 46. d6
Rc8 47. Rxb3 Rd8 48. Rd3 Kf6 49. Kxf2 Ke6 1/2-1/2

[Event "Parsvnath Commonwealth ch 2010"]
[Site "Nueva Delhi IND"]
[Date "2010.05.11"]
[Round "3.20"]
[White "Debashis, Das"]
[Black "Matta, Vinay Kumar"]
[Result "1-0"]
[WhiteElo "2400"]
[BlackElo "2256"]
[PlyCount "111"]
[EventDate "2010.05.10"]
[EventType "swiss"]
[EventRounds "11"]
[EventCountry "IND"]
[Source "lmi"]
[SourceDate "2010.05.10"]

1. e4 e5 2. Nf3 Nc6 3. Bc4 Nf6 4. d3 Bc5 5. c3 d6 6. Bb3 a6 7. h3 h6 8. Nbd2
Ba7 9. Nf1 Be6 10. Qe2 Qd7 11. Ng3 O-O 12. O-O Rfe8 13. Be3 d5 14. Bxa7 Rxa7
15. Rfd1 d4 16. Bxe6 Rxe6 17. cxd4 Nxd4 18. Nxd4 Qxd4 19. Rac1 Qd7 20. Qe3 Ra8
21. d4 exd4 22. Rxd4 Rd6 23. Rxd6 cxd6 24. Qb6 Rc8 25. Rxc8+ Qxc8 26. Qxd6 Qc1+
27. Kh2 Qxb2 28. e5 Nh7 29. f4 Qxa2 30. f5 Nf8 31. Nh5 Qc4 32. e6 Nxe6 33. fxe6
Qxe6 34. Qb8+ Kh7 35. Qxb7 a5 36. Ng3 f5 37. Qf3 Kg6 38. Qh5+ Kf6 39. Qh4+ Kf7
40. Qd4 Kg6 41. h4 Qf6 42. h5+ Kf7 43. Qd7+ Kg8 44. Nxf5 a4 45. Ne7+ Kh7 46.
Qd3+ g6 47. Nxg6 Qg5 48. Nf4+ Kh8 49. Qd4+ Kh7 50. Qe4+ Kh8 51. Qe8+ Kh7 52.
Qf7+ Qg7 53. Qf5+ Kh8 54. Qc8+ Kh7 55. Qc2+ Kh8 56. Qxa4 1-0